Sports Quiz

Random Sports or Football Quiz
Score 0/99 Timer 15:00
0 Plays Today
Year(s) Player % Correct
2000-05Jorge Leitão
83.3%
1997-98Roger Boli
75%
1999-01Gábor Bukrán
50%
2000-02, 2009-11Darren Byfield
50%
2015-17Neil Etheridge
50%
2002-03Danny Hay
50%
2006-10Clayton Ince
50%
1993-97Kyle Lightbourne
50%
1990-97Charlie Ntamark
50%
2002-03David Zdrilić
50%
1999Bica
41.7%
2016-18Milan Butterfield
41.7%
1997-99Jean-Jacques Eydelie
41.7%
2000-01, 2007-08Paul Hall
41.7%
1993-00John Keister
41.7%
1998-00Bjarnólfur Lárusson
41.7%
2016-17Andreas Makris
41.7%
1998-99Walter Otta
41.7%
1999-00Gino Padula
41.7%
2001-03Fitzroy Simpson
41.7%
2007-08Edrissa Sonko
41.7%
1998Didier Tholot
41.7%
1999Samassi Abou
33.3%
2000-05Zigor Aranalde
33.3%
2004-06Taiwo Atieno
33.3%
2001-02Frédéric Biancalani
33.3%
1992Athumani Khamiss Chine
33.3%
2002-04Steve Corica
33.3%
1999-00Sigurður Eyjólfsson
33.3%
2001-02Carlos Garrocho
33.3%
2016-18Simeon Jackson
33.3%
2016-Maziar Kouhyar
33.3%
1998-00Darko Mavrak
33.3%
Year(s) Player % Correct
2001-02Adolphus Ofodile
33.3%
2004-05Mark Paston
33.3%
1997-98Jean-François Péron
33.3%
2008-09Marco Reich
33.3%
2013-16Romaine Sawyers
33.3%
2000Michalis Vlachos
33.3%
2018Krystian Bielik
25%
2003Deon Burton
25%
2006-07Pär Cederqvist
25%
2016-18Florent Cuvelier
25%
2004Kofi Dakinah
25%
2015-16Jason Demetriou
25%
2000-01Ronnie Ekelund
25%
1991-92Pierre Essers
25%
2006-07Carlos Fangueiro
25%
2011-13Dávid Gróf
25%
2001-02Herivelto
25%
2002-03Júnior
25%
1995-96John Kerr
25%
1922Eugène Langenove
25%
2007-08Rubén Darío Larossa
25%
2011, 2012Emmanuel Jorge Ledesma
25%
1999-04Pedro Matías
25%
2001Dino Mennillo
25%
2016-17Franck Moussa
25%
2007-08Alassane N'Dour
25%
1992-93Scott Ollerenshaw
25%
2011-12Anton Peterlin
25%
1953Fred Pidcock
25%
1999Robert Steiner
25%
2002Carlos André
16.7%
2000-02Xavier Barrau
16.7%
2007Trevor Benjamin
16.7%
Year(s) Player % Correct
2006-08Bertrand Bossu
16.7%
2015-16Milan Lalkovič
16.7%
2006-07Geordie Lyall
16.7%
2002Marcelo
16.7%
2019-Omar Mussa
16.7%
2018Julien Ngoy
16.7%
2002-03Martin O'Connor
16.7%
2006-07Allan Picken
16.7%
1997Andreas Schöll
16.7%
2018Justin Shaibu
16.7%
2008-09Sofiane Zaaboub
16.7%
1998Gijsbert Bos
16.7%
2013-18Amadou Bakayoko
8.3%
2006-07Tony Bedeau
8.3%
2008Kevin Betsy
8.3%
2007Carlos Carneiro
8.3%
1998Wayne Dyer
8.3%
2011Marc-Antoine Gbarssin
8.3%
1998Doug Ithier
8.3%
2002-03Roberto Martínez
8.3%
2006-07João Mawete
8.3%
1948-49Dudley Milligan
8.3%
2002Guus Uhlenbeek
8.3%
2003Jean-Philippe Javary
8.3%
1999Ivar Rønningen
8.3%
2005Éric Skora
8.3%
2012-13Febian Brandy
0%
2011-12Claude Gnakpa
0%
2008-09Albin Kajtezović
0%
2002-04Jamie Lawrence
0%
2014-15Mathieu Manset
0%
2004Andy Petterson
0%
2002-03Ludovic Pollet
0%

You're not logged in!

Compare scores with friends on all Sporcle quizzes.
OR
Log In

Sporcle TV

Today on Sporcle TV


Watch our educational content, quiz creation guides, and fun videos on Sporcle TV.

Show Comments

Extras

Created Sep 27, 2019SourceReportNominate
Tags:Football Quiz, walsall

Top Quizzes Today


Score Distribution

Paid Content

Your Account Isn't Verified!

In order to create a playlist on Sporcle, you need to verify the email address you used during registration. Go to your Sporcle Settings to finish the process.

Report this User

Report this user for behavior that violates our Community Guidelines.

Details: